[Event "EYCC 2024 - G18"]
[Site "?"]
[Date "2024.08.23"]
[Round "2.1"]
[White "Striskova, Lucia"]
[Black "Ter-Avetisjana, Agnesa Stepania"]
[Result "1/2-1/2"]
[BlackElo "2089"]
[WhiteElo "1937"]
[LiveChessVersion "1.4.8"]

1. e4 {[%clk 1:30:57]} c6 {[%clk 1:30:21]} 2. d4 {[%clk 1:31:13]} d5
{[%clk 1:30:45]} 3. Nc3 {[%clk 1:31:16]} dxe4 {[%clk 1:31:07]} 4. Nxe4
{[%clk 1:31:31]} Bf5 {[%clk 1:31:32]} 5. Ng3 {[%clk 1:31:36]} Bg6
{[%clk 1:31:55]} 6. h4 {[%clk 1:31:26]} h6 {[%clk 1:32:19]} 7. Nf3
{[%clk 1:31:48]} e6 {[%clk 1:32:42]} 8. Ne5 {[%clk 1:30:49]} Bh7 {[%clk 1:33:04]}
9. Bd3 {[%clk 1:31:11]} Bxd3 {[%clk 1:33:27]} 10. Qxd3 {[%clk 1:31:30]} Nd7
{[%clk 1:33:51]} 11. f4 {[%clk 1:31:10]} Be7 {[%clk 1:33:50]} 12. Bd2
{[%clk 1:31:22]} Nxe5 {[%clk 1:34:07]} 13. fxe5 {[%clk 1:30:19]} Bxh4
{[%clk 1:34:27]} 14. O-O-O {[%clk 1:30:38]} Bxg3 {[%clk 1:34:50]} 15. Qxg3
{[%clk 1:30:56]} Ne7 {[%clk 1:35:15]} 16. Qxg7 {[%clk 1:25:58]} Rg8
{[%clk 1:35:16]} 17. Qxh6 {[%clk 1:26:18]} Qd5 {[%clk 1:35:29]} 18. Kb1
{[%clk 1:19:28]} O-O-O {[%clk 1:35:22]} 19. Qf4 {[%clk 1:10:01]} Rxg2
{[%clk 1:31:27]} 20. Bc3 {[%clk 1:02:20]} Nf5 {[%clk 1:23:37]} 21. Rh7
{[%clk 1:01:42]} Rd7 {[%clk 1:07:27]} 22. Rh8+ {[%clk 0:48:54]} Kc7
{[%clk 0:59:31]} 23. a3 {[%clk 0:34:09]} Qc4 {[%clk 0:53:10]} 24. Qe4
{[%clk 0:27:43]} Re2 {[%clk 0:34:40]} 25. Qd3 {[%clk 0:26:43]} Qxd3
{[%clk 0:32:08]} 26. Rxd3 {[%clk 0:27:04]} Re3 {[%clk 0:30:24]} 27. Rxe3
{[%clk 0:26:05]} Nxe3 {[%clk 0:30:52]} 28. Ra8 {[%clk 0:25:38]} Kb6
{[%clk 0:28:40]} 29. Rg8 {[%clk 0:23:25]} Nf5 {[%clk 0:21:52]} 30. Rg4
{[%clk 0:23:38]} Rd8 {[%clk 0:21:19]} 31. b3 {[%clk 0:21:21]} Rh8
{[%clk 0:13:12]} 32. Rg2 {[%clk 0:20:12]} Rh1+ {[%clk 0:07:18]} 33. Ka2
{[%clk 0:20:11]} Rd1 {[%clk 0:06:23]} 34. Rg4 {[%clk 0:18:04]} Rc1
{[%clk 0:06:35]} 35. Kb2 {[%clk 0:12:52]} Rxc2+ {[%clk 0:06:14]} 36. Kxc2
{[%clk 0:13:18]} Ne3+ {[%clk 0:06:37]} 37. Kd3 {[%clk 0:13:44]} Nxg4
{[%clk 0:07:01]} 38. Ke4 {[%clk 0:13:39]} Nf2+ {[%clk 0:05:58]} 39. Kf3
{[%clk 0:11:02]} Nd3 {[%clk 0:05:12]} 40. Bd2 {[%clk 0:11:14]} c5
{[%clk 0:04:07]} 41. Ke2 {[%clk 0:11:29]} c4 {[%clk 0:04:13]} 42. bxc4
{[%clk 0:09:49]} Nb2 {[%clk 0:04:26]} 43. c5+ {[%clk 0:09:06]} Kb5
{[%clk 0:03:25]} 44. Bc1 {[%clk 0:06:37]} Nc4 {[%clk 0:02:12]} 45. Kd3
{[%clk 0:06:58]} Na5 {[%clk 0:02:33]} 46. Kc3 {[%clk 0:04:03]} Nc6
{[%clk 0:02:10]} 47. Bb2 {[%clk 0:04:16]} Ka4 {[%clk 0:01:31]} 48. Kc4
{[%clk 0:02:51]} Na5+ {[%clk 0:01:56]} 49. Kc3 {[%clk 0:03:00]} Kb5
{[%clk 0:01:45]} 50. Bc1 {[%clk 0:03:20]} Nc6 {[%clk 0:01:44]} 51. Bb2
{[%clk 0:03:37]} Ne7 {[%clk 0:00:34]} 52. Kb3 {[%clk 0:03:15]} b6
{[%clk 0:00:34]} 53. a4+ {[%clk 0:02:34]} Kc6 {[%clk 0:01:03]} 54. cxb6
{[%clk 0:02:14]} axb6 {[%clk 0:01:25]} 55. Kc4 {[%clk 0:02:11]} Nd5
{[%clk 0:00:36]} 56. Bc1 {[%clk 0:02:30]} f5 {[%clk 0:00:34]} 57. exf6
{[%clk 0:02:28]} Nxf6 58. Bg5 {[%clk 0:02:09]} Ne4 {[%clk 0:00:45]} 59. Bf4
{[%clk 0:02:29]} Nf6 {[%clk 0:00:52]} 60. Bg5 {[%clk 0:02:34]} Ne4
{[%clk 0:00:44]} 1/2-1/2

[Event "EYCC 2024 - G18"]
[Site "?"]
[Date "2024.08.23"]
[Round "2.2"]
[White "Skakun, Kateryna"]
[Black "Hernandez Tellez, Claudia"]
[Result "0-1"]
[BlackElo "2025"]
[WhiteElo "1854"]
[LiveChessVersion "1.4.8"]

1. e4 {[%clk 1:30:57]} e5 {[%clk 1:30:54]} 2. d4 {[%clk 1:31:18]} exd4
{[%clk 1:31:08]} 3. Qxd4 {[%clk 1:31:40]} Nc6 {[%clk 1:31:16]} 4. Qe3
{[%clk 1:31:58]} Nf6 {[%clk 1:30:48]} 5. Bd2 {[%clk 1:32:03]} Bb4
{[%clk 1:30:14]} 6. a3 {[%clk 1:32:24]} Bxd2+ {[%clk 1:29:44]} 7. Nxd2
{[%clk 1:32:45]} O-O {[%clk 1:29:54]} 8. O-O-O {[%clk 1:33:05]} Re8
{[%clk 1:29:42]} 9. f4 {[%clk 1:31:23]} d5 {[%clk 1:12:20]} 10. e5
{[%clk 1:31:22]} d4 {[%clk 1:07:59]} 11. Qg3 {[%clk 1:30:09]} Nd5
{[%clk 1:08:19]} 12. Ne4 {[%clk 1:24:14]} Bf5 {[%clk 0:58:06]} 13. Bd3
{[%clk 1:23:25]} Qd7 {[%clk 0:54:43]} 14. Nf6+ {[%clk 1:12:54]} Nxf6
{[%clk 0:55:01]} 15. exf6 {[%clk 1:13:12]} g6 {[%clk 0:52:45]} 16. Qg5
{[%clk 1:12:53]} Qe6 {[%clk 0:50:06]} 17. Nf3 {[%clk 1:02:58]} Bxd3
{[%clk 0:44:33]} 18. Rxd3 {[%clk 1:01:38]} Qf5 {[%clk 0:42:41]} 19. Qxf5
{[%clk 0:54:51]} gxf5 {[%clk 0:43:04]} 20. Nxd4 {[%clk 0:52:36]} Nxd4
{[%clk 0:43:25]} 21. Rxd4 {[%clk 0:52:59]} Re6 {[%clk 0:43:24]} 22. Rd7
{[%clk 0:52:01]} Rc8 {[%clk 0:42:11]} 23. Rhd1 {[%clk 0:50:39]} Rxf6
{[%clk 0:42:06]} 24. Re1 {[%clk 0:45:15]} Rh6 {[%clk 0:33:05]} 25. Re5
{[%clk 0:31:54]} Rxh2 {[%clk 0:27:59]} 26. Rxf5 {[%clk 0:31:34]} Rxg2
{[%clk 0:25:29]} 27. Rfxf7 {[%clk 0:31:43]} h5 {[%clk 0:22:25]} 28. b3
{[%clk 0:28:25]} h4 {[%clk 0:20:46]} 29. Rh7 {[%clk 0:24:53]} Rd8
{[%clk 0:17:48]} 30. Rxc7 {[%clk 0:18:33]} Rc8 {[%clk 0:16:53]} 31. Kb2
{[%clk 0:09:09]} Rxc7 {[%clk 0:08:33]} 32. Rxc7 {[%clk 0:09:35]} Rg7
{[%clk 0:06:19]} 33. Rc3 {[%clk 0:07:19]} Kf7 {[%clk 0:03:52]} 34. Rh3
{[%clk 0:07:13]} Rh7 {[%clk 0:02:06]} 35. Kc3 {[%clk 0:07:03]} Kf6
{[%clk 0:02:33]} 36. Kd4 {[%clk 0:06:50]} Kf5 {[%clk 0:02:58]} 37. Ke3
{[%clk 0:07:00]} Kg4 {[%clk 0:02:11]} 38. Rh1 {[%clk 0:06:18]} h3
{[%clk 0:01:14]} 39. Rg1+ {[%clk 0:06:14]} Kf5 {[%clk 0:01:21]} 40. Kf3
{[%clk 0:05:51]} h2 {[%clk 0:01:08]} 41. Rh1 {[%clk 0:06:08]} Rh3+
{[%clk 0:00:47]} 42. Kg2 {[%clk 0:06:25]} Rh4 {[%clk 0:01:10]} 43. Rxh2
{[%clk 0:04:31]} Rxh2+ {[%clk 0:01:36]} 44. Kxh2 {[%clk 0:04:58]} Kxf4
{[%clk 0:02:02]} 45. c4 {[%clk 0:04:52]} Ke4 {[%clk 0:02:27]} 46. c5
{[%clk 0:04:21]} Kd4 {[%clk 0:01:30]} 47. b4 {[%clk 0:04:20]} Kc4
{[%clk 0:01:16]} 48. Kg3 {[%clk 0:04:33]} a6 {[%clk 0:01:21]} 49. Kf4
{[%clk 0:01:00]} Kb3 {[%clk 0:01:47]} 50. Ke5 {[%clk 0:00:44]} Kxa3
{[%clk 0:02:11]} 51. b5 {[%clk 0:00:39]} axb5 {[%clk 0:02:37]} 52. Kd6
{[%clk 0:00:58]} Kb4 {[%clk 0:02:50]} 53. Kd5 {[%clk 0:01:16]} Kc3
{[%clk 0:03:14]} 54. Kd6 0-1

[Event "EYCC 2024 - G18"]
[Site "?"]
[Date "2024.08.23"]
[Round "2.3"]
[White "Zabrzanska, Weronika"]
[Black "Ratama, Sofie Kristine"]
[Result "1-0"]
[BlackElo "1722"]
[WhiteElo "1999"]
[LiveChessVersion "1.4.8"]

1. e4 {[%clk 1:30:57]} c6 {[%clk 1:30:53]} 2. d4 {[%clk 1:31:07]} d5
{[%clk 1:31:09]} 3. e5 {[%clk 1:31:26]} c5 {[%clk 1:31:09]} 4. dxc5
{[%clk 1:31:20]} e6 {[%clk 1:31:04]} 5. a3 {[%clk 1:31:34]} Bxc5 {[%clk 1:30:22]}
6. Qg4 {[%clk 1:29:56]} Bf8 {[%clk 1:28:58]} 7. Nf3 {[%clk 1:25:54]} Nc6
{[%clk 1:26:05]} 8. Bd3 {[%clk 1:22:57]} g6 {[%clk 1:22:29]} 9. h4
{[%clk 1:20:38]} h5 {[%clk 1:20:28]} 10. Qg3 {[%clk 1:17:14]} Bg7
{[%clk 1:17:01]} 11. Nc3 {[%clk 1:14:01]} Nge7 {[%clk 1:12:03]} 12. Bg5
{[%clk 1:06:41]} a6 {[%clk 1:05:40]} 13. Qf4 {[%clk 1:04:34]} d4 {[%clk 0:53:17]}
14. Ne4 {[%clk 0:56:31]} Qa5+ {[%clk 0:51:50]} 15. b4 {[%clk 0:51:46]} Nxb4
{[%clk 0:47:25]} 16. Nd6+ {[%clk 0:50:33]} Kd7 {[%clk 0:47:13]} 17. O-O
{[%clk 0:49:23]} Nbc6 {[%clk 0:44:03]} 18. Qxf7 {[%clk 0:48:29]} Bxe5
{[%clk 0:38:15]} 19. Nc4 {[%clk 0:47:43]} Qd8 {[%clk 0:33:09]} 20. Ncxe5+
{[%clk 0:47:37]} Nxe5 {[%clk 0:33:09]} 21. Nxe5+ {[%clk 0:47:53]} Kd6
{[%clk 0:33:27]} 22. Nxg6 {[%clk 0:47:23]} 1-0

[Event "EYCC 2024 - G18"]
[Site "?"]
[Date "2024.08.23"]
[Round "2.4"]
[White "Vasylchuk, Diana"]
[Black "Vashchenko, Diana"]
[Result "1-0"]
[BlackElo "1680"]
[WhiteElo "1983"]
[LiveChessVersion "1.4.8"]

1. e4 {[%clk 1:30:57]} e5 {[%clk 1:29:50]} 2. Nf3 {[%clk 1:31:08]} Nc6
{[%clk 1:29:22]} 3. Bc4 {[%clk 1:31:18]} Bc5 {[%clk 1:28:56]} 4. O-O
{[%clk 1:31:16]} Nf6 {[%clk 1:29:16]} 5. Nc3 {[%clk 1:31:20]} O-O
{[%clk 1:29:07]} 6. d3 {[%clk 1:30:25]} h6 {[%clk 1:29:09]} 7. a3
{[%clk 1:28:41]} d6 {[%clk 1:27:51]} 8. h3 {[%clk 1:27:51]} a6 {[%clk 1:27:20]}
9. Be3 {[%clk 1:20:53]} Nd4 {[%clk 1:24:32]} 10. Bxd4 {[%clk 1:20:31]} Bxd4
{[%clk 1:24:21]} 11. Nxd4 {[%clk 1:20:37]} exd4 {[%clk 1:24:42]} 12. Ne2
{[%clk 1:20:37]} c5 {[%clk 1:24:52]} 13. Nf4 {[%clk 1:15:09]} b5 {[%clk 1:24:05]}
14. Ba2 {[%clk 1:14:34]} Re8 {[%clk 1:22:49]} 15. c3 {[%clk 1:11:45]} dxc3
{[%clk 1:20:44]} 16. bxc3 {[%clk 1:12:09]} Be6 {[%clk 1:12:03]} 17. Bxe6
{[%clk 1:08:51]} fxe6 {[%clk 1:12:18]} 18. Qb3 {[%clk 1:08:02]} d5
{[%clk 1:11:15]} 19. Rfe1 {[%clk 1:04:59]} c4 {[%clk 1:11:01]} 20. Qa2
{[%clk 1:02:51]} e5 {[%clk 1:09:09]} 21. Nxd5 {[%clk 1:02:32]} Nxd5
{[%clk 1:09:24]} 22. exd5 {[%clk 1:02:58]} Qxd5 {[%clk 1:09:48]} 23. dxc4
{[%clk 1:02:25]} Qxc4 {[%clk 1:10:10]} 24. Qxc4+ {[%clk 1:01:58]} bxc4
{[%clk 1:10:34]} 25. Re4 {[%clk 1:02:07]} Rac8 {[%clk 1:10:55]} 26. Rb1
{[%clk 1:02:16]} Rc5 {[%clk 1:10:57]} 27. Rb4 {[%clk 1:01:57]} Rec8
{[%clk 1:11:13]} 28. Kf1 {[%clk 1:00:37]} Kf7 {[%clk 1:11:02]} 29. Ke2
{[%clk 1:00:43]} g5 {[%clk 1:11:00]} 30. Ke3 {[%clk 0:58:40]} Ke6
{[%clk 1:10:42]} 31. Rb6+ {[%clk 0:58:46]} R8c6 {[%clk 1:10:59]} 32. Rb4
{[%clk 0:50:55]} Kd5 {[%clk 1:10:42]} 33. h4 {[%clk 0:51:05]} Ra5
{[%clk 1:10:42]} 34. a4 {[%clk 0:50:27]} Rac5 {[%clk 1:10:51]} 35. hxg5
{[%clk 0:50:24]} hxg5 {[%clk 1:11:13]} 36. Rb8 {[%clk 0:49:16]} Rf6
{[%clk 1:10:54]} 37. Rd8+ {[%clk 0:48:33]} Ke6 {[%clk 1:11:15]} 38. Re8+
{[%clk 0:48:03]} Kd5 {[%clk 1:11:34]} 39. R4xe5+ {[%clk 0:46:34]} Kd6
{[%clk 1:11:46]} 40. Rxc5 {[%clk 0:46:58]} Kxc5 {[%clk 1:12:03]} 41. Re5+
{[%clk 0:47:23]} Kc6 {[%clk 1:11:40]} 42. Rxg5 {[%clk 0:47:10]} Rd6
{[%clk 1:11:50]} 43. Ke2 {[%clk 0:45:18]} Re6+ {[%clk 1:10:07]} 44. Kd2
{[%clk 0:41:04]} Rd6+ {[%clk 1:10:25]} 45. Kc2 {[%clk 0:40:51]} Re6
{[%clk 1:10:45]} 46. f4 {[%clk 0:39:16]} Re2+ {[%clk 1:11:06]} 47. Kd1
{[%clk 0:38:48]} Rf2 {[%clk 1:11:00]} 48. f5 {[%clk 0:37:23]} Kd5
{[%clk 1:11:07]} 49. Ke1 {[%clk 0:26:58]} Rc2 {[%clk 1:10:40]} 50. Rg3
{[%clk 0:26:47]} Ke5 {[%clk 1:10:56]} 51. Rf3 {[%clk 0:27:01]} Kf6
{[%clk 1:10:38]} 52. g4 {[%clk 0:27:06]} Ra2 {[%clk 1:10:30]} 53. g5+
{[%clk 0:26:32]} Kf7 {[%clk 1:10:56]} 54. g6+ {[%clk 0:25:59]} Kf6
{[%clk 1:11:18]} 55. Rg3 {[%clk 0:26:18]} 1-0

[Event "EYCC 2024 - G18"]
[Site "?"]
[Date "2024.08.23"]
[Round "2.5"]
[White "Kovacs, Veronika"]
[Black "Bargan, Victoria"]
[Result "0-1"]
[BlackElo "1977"]
[WhiteElo "1781"]
[LiveChessVersion "1.4.8"]

1. c4 {[%clk 1:30:57]} c6 {[%clk 1:30:56]} 2. d4 {[%clk 1:31:19]} d5
{[%clk 1:31:23]} 3. Nc3 {[%clk 1:31:44]} Nf6 {[%clk 1:31:47]} 4. Bf4
{[%clk 1:31:35]} e6 {[%clk 1:31:22]} 5. e3 {[%clk 1:31:51]} Bd6 {[%clk 1:30:24]}
6. Bxd6 {[%clk 1:32:06]} Qxd6 {[%clk 1:30:49]} 7. Nf3 {[%clk 1:32:24]} Nbd7
{[%clk 1:30:38]} 8. Be2 {[%clk 1:31:37]} O-O {[%clk 1:29:52]} 9. O-O
{[%clk 1:32:00]} b6 {[%clk 1:25:21]} 10. cxd5 {[%clk 1:25:43]} exd5
{[%clk 1:25:40]} 11. Bd3 {[%clk 1:21:27]} Re8 {[%clk 1:19:53]} 12. Qc2
{[%clk 1:18:39]} Bb7 {[%clk 1:18:51]} 13. Rac1 {[%clk 1:19:02]} c5
{[%clk 1:14:32]} 14. Nb5 {[%clk 1:01:47]} Qb8 {[%clk 1:14:07]} 15. Rfd1
{[%clk 1:00:08]} c4 {[%clk 1:09:29]} 16. Be2 {[%clk 1:00:23]} a6 {[%clk 1:09:22]}
17. Nc3 {[%clk 1:00:31]} b5 {[%clk 1:09:27]} 18. b4 {[%clk 1:00:01]} Qd6
{[%clk 1:02:28]} 19. a3 {[%clk 0:58:58]} Bc6 {[%clk 0:59:32]} 20. h3
{[%clk 0:55:33]} h6 {[%clk 0:56:01]} 21. Nd2 {[%clk 0:53:14]} Qe7
{[%clk 0:50:47]} 22. Bf3 {[%clk 0:48:01]} Nf8 {[%clk 0:42:59]} 23. Re1
{[%clk 0:43:37]} Ne6 {[%clk 0:42:34]} 24. h4 {[%clk 0:41:32]} a5 {[%clk 0:42:25]}
25. Qb2 {[%clk 0:39:37]} Qb7 {[%clk 0:37:01]} 26. Rcd1 {[%clk 0:32:00]} Re7
{[%clk 0:35:05]} 27. g3 {[%clk 0:30:35]} Rae8 {[%clk 0:34:21]} 28. Bg2
{[%clk 0:29:12]} Nxd4 {[%clk 0:34:00]} 29. bxa5 {[%clk 0:14:21]} Ne6
{[%clk 0:31:54]} 30. Ne2 {[%clk 0:11:45]} Qa6 {[%clk 0:30:41]} 31. Qb4
{[%clk 0:11:01]} Ra7 {[%clk 0:30:42]} 32. Nb1 {[%clk 0:08:49]} Qxa5
{[%clk 0:30:31]} 33. Nbc3 {[%clk 0:08:42]} Qxa3 {[%clk 0:29:16]} 34. Nxd5
{[%clk 0:08:05]} Nxd5 {[%clk 0:29:12]} 35. Qxa3 {[%clk 0:08:29]} Rxa3
{[%clk 0:29:37]} 36. Bxd5 {[%clk 0:08:54]} Bxd5 {[%clk 0:30:00]} 37. Rxd5
{[%clk 0:09:19]} Rb8 {[%clk 0:29:49]} 38. Rc1 {[%clk 0:08:07]} Nc7
{[%clk 0:26:39]} 39. Rc5 {[%clk 0:08:09]} Na6 {[%clk 0:26:52]} 40. Re5
{[%clk 0:08:02]} b4 {[%clk 0:22:13]} 41. Rxc4 {[%clk 0:07:43]} b3
{[%clk 0:22:40]} 42. Rc1 {[%clk 0:07:57]} b2 {[%clk 0:23:06]} 43. Rb1
{[%clk 0:08:17]} Ra1 {[%clk 0:23:34]} 44. Nc3 {[%clk 0:08:15]} Rc8
{[%clk 0:23:56]} 45. Rb5 {[%clk 0:08:06]} Rxb1+ {[%clk 0:24:18]} 46. Nxb1
{[%clk 0:08:31]} Rc1+ {[%clk 0:24:46]} 47. Kg2 {[%clk 0:08:53]} Rxb1
{[%clk 0:25:08]} 0-1

[Event "EYCC 2024 - G18"]
[Site "?"]
[Date "2024.08.23"]
[Round "2.6"]
[White "Tashkinova, Sofiia"]
[Black "Sukyte, Kotryna"]
[Result "1-0"]
[BlackElo "1818"]
[WhiteElo "2093"]
[LiveChessVersion "1.4.8"]

1. e4 {[%clk 1:30:58]} c5 {[%clk 1:30:54]} 2. Nf3 {[%clk 1:31:15]} e6
{[%clk 1:31:11]} 3. d4 {[%clk 1:31:28]} cxd4 {[%clk 1:31:35]} 4. Nxd4
{[%clk 1:31:51]} Nf6 {[%clk 1:31:58]} 5. Nc3 {[%clk 1:20:59]} Nc6
{[%clk 1:32:10]} 6. a3 {[%clk 1:16:50]} d5 {[%clk 1:14:51]} 7. Bb5
{[%clk 1:10:40]} Bd7 {[%clk 1:14:37]} 8. exd5 {[%clk 1:08:47]} Nxd4
{[%clk 1:09:01]} 9. Bxd7+ {[%clk 1:03:57]} Qxd7 {[%clk 1:09:16]} 10. Qxd4
{[%clk 1:04:19]} Nxd5 {[%clk 1:08:25]} 11. Nxd5 {[%clk 1:02:55]} Qxd5
{[%clk 1:08:40]} 12. Qxd5 {[%clk 1:02:57]} exd5 {[%clk 1:09:04]} 13. Be3
{[%clk 1:02:32]} b6 {[%clk 1:05:37]} 14. O-O-O {[%clk 0:59:25]} O-O-O
{[%clk 1:05:21]} 15. Rd3 {[%clk 0:53:56]} Bc5 {[%clk 1:01:13]} 16. Bxc5
{[%clk 0:52:06]} bxc5 {[%clk 1:01:34]} 17. Rhd1 {[%clk 0:50:09]} d4
{[%clk 1:01:06]} 18. Rg3 {[%clk 0:46:44]} g6 {[%clk 0:59:17]} 19. b4
{[%clk 0:38:56]} Kc7 {[%clk 0:55:31]} 20. bxc5 {[%clk 0:34:55]} Kc6
{[%clk 0:55:02]} 21. Rgd3 {[%clk 0:33:24]} Kxc5 {[%clk 0:48:30]} 22. c3
{[%clk 0:32:37]} Rhe8 {[%clk 0:42:33]} 23. cxd4+ {[%clk 0:19:27]} Kc4
{[%clk 0:38:41]} 24. Kd2 {[%clk 0:18:00]} Rb8 {[%clk 0:33:05]} 25. Rc3+
{[%clk 0:14:47]} Kd5 {[%clk 0:22:49]} 26. Kd3 {[%clk 0:13:51]} Re7
{[%clk 0:21:29]} 27. Rdc1 {[%clk 0:12:32]} Reb7 {[%clk 0:19:54]} 28. Rc5+
{[%clk 0:10:57]} Kd6 {[%clk 0:20:12]} 29. Rc6+ {[%clk 0:10:48]} Kd7
{[%clk 0:20:04]} 30. R1c3 {[%clk 0:10:29]} Re8 {[%clk 0:16:31]} 31. d5
{[%clk 0:07:05]} Re1 {[%clk 0:15:52]} 32. Kd4 {[%clk 0:05:34]} Re2
{[%clk 0:14:18]} 33. Rc2 {[%clk 0:05:48]} Rxc2 {[%clk 0:11:51]} 34. Rxc2
{[%clk 0:06:10]} Rb3 {[%clk 0:11:23]} 35. Rc3 {[%clk 0:05:55]} Rb2
{[%clk 0:11:35]} 36. Rf3 {[%clk 0:06:08]} f5 {[%clk 0:10:11]} 37. Ke5
{[%clk 0:06:13]} Re2+ {[%clk 0:09:17]} 38. Kf6 {[%clk 0:06:34]} Kd6
{[%clk 0:08:41]} 39. h4 {[%clk 0:04:54]} Kxd5 {[%clk 0:07:40]} 40. h5
{[%clk 0:05:15]} Re6+ {[%clk 0:07:23]} 41. Kg7 {[%clk 0:04:12]} gxh5
{[%clk 0:04:12]} 42. Rxf5+ {[%clk 0:04:14]} Ke4 {[%clk 0:04:07]} 43. Rg5
{[%clk 0:04:11]} Kf4 {[%clk 0:03:29]} 44. Rg3 {[%clk 0:03:47]} h6
{[%clk 0:02:13]} 45. Rg6 {[%clk 0:03:03]} Re2 {[%clk 0:02:32]} 46. f3
{[%clk 0:02:32]} Kf5 {[%clk 0:00:56]} 47. Kxh6 {[%clk 0:02:38]} h4
{[%clk 0:01:02]} 48. Rg5+ {[%clk 0:01:50]} Kf6 {[%clk 0:01:05]} 49. Kh5
{[%clk 0:01:23]} h3 {[%clk 0:01:26]} 50. gxh3 {[%clk 0:01:48]} Re3
{[%clk 0:01:50]} 51. Ra5 {[%clk 0:02:07]} Rxf3 {[%clk 0:01:21]} 52. Kg4
{[%clk 0:02:28]} Rc3 {[%clk 0:01:21]} 53. Ra6+ {[%clk 0:02:51]} Ke5
{[%clk 0:00:46]} 54. Rxa7 {[%clk 0:03:12]} 1-0

[Event "EYCC 2024 - G18"]
[Site "?"]
[Date "2024.08.23"]
[Round "2.7"]
[White "Bruntse, Caroline Lindegaard"]
[Black "Shuqja, Klean"]
[Result "1/2-1/2"]
[BlackElo "2042"]
[WhiteElo "1775"]
[LiveChessVersion "1.4.8"]

1. d4 {[%clk 1:30:57]} Nf6 {[%clk 1:30:59]} 2. c4 {[%clk 1:31:18]} e6
{[%clk 1:31:28]} 3. Nc3 {[%clk 1:31:38]} Bb4 {[%clk 1:31:55]} 4. a3
{[%clk 1:31:59]} Bxc3+ {[%clk 1:32:17]} 5. bxc3 {[%clk 1:32:21]} O-O
{[%clk 1:32:18]} 6. Bg5 {[%clk 1:32:44]} h6 {[%clk 1:32:38]} 7. Bh4
{[%clk 1:32:47]} g5 {[%clk 1:30:15]} 8. Bg3 {[%clk 1:33:04]} Ne4 {[%clk 1:30:35]}
9. f3 {[%clk 1:24:51]} Nxg3 {[%clk 1:29:09]} 10. hxg3 {[%clk 1:23:22]} Kg7
{[%clk 1:26:56]} 11. e4 {[%clk 1:22:08]} f5 {[%clk 1:25:18]} 12. e5
{[%clk 1:20:02]} d5 {[%clk 1:13:55]} 13. a4 {[%clk 1:09:05]} c5 {[%clk 0:56:05]}
14. f4 {[%clk 1:02:02]} g4 {[%clk 0:53:57]} 15. Bd3 {[%clk 0:56:02]} Nc6
{[%clk 0:49:55]} 16. Ne2 {[%clk 0:55:32]} b6 {[%clk 0:42:55]} 17. Kf2
{[%clk 0:52:11]} Na5 {[%clk 0:36:27]} 18. cxd5 {[%clk 0:47:15]} Qxd5
{[%clk 0:20:28]} 19. Rh4 {[%clk 0:35:44]} Bb7 {[%clk 0:14:00]} 20. Qh1
{[%clk 0:33:58]} Nc4 {[%clk 0:04:18]} 21. Qh2 {[%clk 0:24:46]} Nd2
{[%clk 0:02:09]} 22. Rd1 {[%clk 0:14:27]} Ne4+ {[%clk 0:01:26]} 23. Bxe4
{[%clk 0:14:44]} Qxe4 {[%clk 0:01:28]} 24. Rh1 {[%clk 0:15:00]} Ba6
{[%clk 0:01:28]} 25. Re1 {[%clk 0:13:33]} Rh8 {[%clk 0:01:25]} 26. Rh5
{[%clk 0:12:11]} Bb7 {[%clk 0:00:55]} 27. Rh1 {[%clk 0:11:53]} Ba6
{[%clk 0:00:55]} 28. Re1 {[%clk 0:12:02]} Bb7 {[%clk 0:00:44]} 29. Rh1
{[%clk 0:12:05]} Ba6 {[%clk 0:01:02]} 30. Re1 {[%clk 0:12:06]} Bb7
{[%clk 0:00:40]} 1/2-1/2

[Event "EYCC 2024 - G18"]
[Site "?"]
[Date "2024.08.23"]
[Round "2.8"]
[White "Voigt, Anastasia"]
[Black "Chuchukova, Stefani"]
[Result "0-1"]
[BlackElo "1858"]
[WhiteElo "2037"]
[LiveChessVersion "1.4.8"]

1. e4 {[%clk 1:30:58]} e5 {[%clk 1:30:58]} 2. Nf3 {[%clk 1:31:22]} Nc6
{[%clk 1:31:25]} 3. Bc4 {[%clk 1:31:47]} Nf6 {[%clk 1:31:41]} 4. d3
{[%clk 1:32:14]} Bc5 {[%clk 1:31:48]} 5. c3 {[%clk 1:32:38]} a6 {[%clk 1:31:53]}
6. O-O {[%clk 1:32:52]} d6 {[%clk 1:31:59]} 7. Nbd2 {[%clk 1:33:02]} O-O
{[%clk 1:31:49]} 8. Bb3 {[%clk 1:33:07]} Be6 {[%clk 1:31:36]} 9. h3
{[%clk 1:33:21]} Ba7 {[%clk 1:31:10]} 10. Re1 {[%clk 1:31:10]} Ne7
{[%clk 1:28:09]} 11. d4 {[%clk 1:26:00]} Ng6 {[%clk 1:26:41]} 12. Nf1
{[%clk 1:22:36]} exd4 {[%clk 1:24:20]} 13. cxd4 {[%clk 1:22:54]} d5
{[%clk 1:24:46]} 14. Ng5 {[%clk 1:16:49]} Nxe4 {[%clk 1:19:33]} 15. Rxe4
{[%clk 1:11:34]} dxe4 {[%clk 1:19:21]} 16. Qh5 {[%clk 1:11:20]} h6
{[%clk 1:04:05]} 17. Nxe6 {[%clk 1:01:33]} fxe6 {[%clk 1:03:52]} 18. Qxg6
{[%clk 0:58:06]} Qxd4 {[%clk 0:58:24]} 19. Ne3 {[%clk 0:55:00]} Qf6
{[%clk 0:56:06]} 20. Qxf6 {[%clk 0:40:02]} Rxf6 {[%clk 0:56:31]} 21. Bd2
{[%clk 0:40:12]} Bd4 {[%clk 0:55:25]} 22. Rc1 {[%clk 0:31:23]} Raf8
{[%clk 0:51:05]} 23. Ng4 {[%clk 0:29:33]} Rxf2 {[%clk 0:50:55]} 24. Nxf2
{[%clk 0:22:16]} Rxf2 {[%clk 0:51:10]} 25. Bxe6+ {[%clk 0:19:51]} Kh8
{[%clk 0:50:50]} 26. Bc3 {[%clk 0:19:19]} Rc2+ {[%clk 0:50:11]} 27. Bxd4
{[%clk 0:19:41]} Rxc1+ {[%clk 0:50:38]} 28. Kf2 {[%clk 0:18:33]} c5
{[%clk 0:45:05]} 29. Bc3 {[%clk 0:17:38]} b5 {[%clk 0:44:30]} 30. Ke3
{[%clk 0:11:34]} Rg1 {[%clk 0:39:39]} 31. Kxe4 {[%clk 0:04:59]} Rxg2
{[%clk 0:38:39]} 32. a3 {[%clk 0:04:53]} a5 {[%clk 0:35:51]} 33. Kf3
{[%clk 0:03:12]} Rg6 {[%clk 0:34:19]} 34. Bf7 {[%clk 0:02:56]} Rg5
{[%clk 0:34:04]} 35. Ke4 {[%clk 0:02:40]} b4 {[%clk 0:33:48]} 36. axb4
{[%clk 0:02:47]} cxb4 {[%clk 0:34:16]} 37. Bd2 {[%clk 0:02:26]} Rg2
{[%clk 0:34:27]} 38. Kd3 {[%clk 0:01:31]} Rg3+ {[%clk 0:34:36]} 39. Kc4
{[%clk 0:01:42]} Rxh3 {[%clk 0:34:58]} 40. Kb5 {[%clk 0:01:37]} Rh2
{[%clk 0:34:23]} 41. Bc1 {[%clk 0:01:34]} Rc2 {[%clk 0:34:43]} 42. Be3
{[%clk 0:02:00]} Rxb2 {[%clk 0:34:52]} 43. Kxa5 {[%clk 0:02:25]} b3
{[%clk 0:34:52]} 44. Bd4 {[%clk 0:01:21]} Rd2 {[%clk 0:35:05]} 45. Bc3
{[%clk 0:01:33]} Rc2 {[%clk 0:35:09]} 46. Kb4 {[%clk 0:01:22]} b2
{[%clk 0:34:49]} 47. Ba2 {[%clk 0:01:45]} Re2 {[%clk 0:34:08]} 48. Ka3
{[%clk 0:01:53]} h5 {[%clk 0:34:22]} 49. Bxb2 {[%clk 0:02:09]} h4
{[%clk 0:34:25]} 50. Bc4 {[%clk 0:02:09]} Re3+ {[%clk 0:33:50]} 51. Kb4
{[%clk 0:02:34]} h3 {[%clk 0:32:37]} 52. Bd4 {[%clk 0:01:36]} h2 {[%clk 0:32:38]}
53. Bd5 {[%clk 0:01:53]} Re1 {[%clk 0:32:57]} 54. Kc3 {[%clk 0:01:58]} Kh7
{[%clk 0:31:59]} 55. Kd2 {[%clk 0:01:55]} h1=Q {[%clk 0:32:22]} 56. Bxh1
{[%clk 0:02:16]} Rxh1 {[%clk 0:32:48]} 57. Ke3 {[%clk 0:02:31]} g5
{[%clk 0:33:02]} 58. Kf3 {[%clk 0:02:46]} Kg6 {[%clk 0:33:25]} 59. Be3
{[%clk 0:01:35]} Kf5 {[%clk 0:32:58]} 60. Kg2 {[%clk 0:01:29]} Ra1
{[%clk 0:33:08]} 61. Bd4 {[%clk 0:01:32]} Ra3 {[%clk 0:33:28]} 62. Bc5
{[%clk 0:01:54]} Rc3 {[%clk 0:33:48]} 63. Bd6 {[%clk 0:02:00]} Kg4
{[%clk 0:34:05]} 64. Be7 {[%clk 0:01:32]} Rc2+ {[%clk 0:34:27]} 65. Kf1
{[%clk 0:01:46]} Kf4 {[%clk 0:34:50]} 66. Bd6+ {[%clk 0:01:53]} 0-1